RC Celta de Vigo Squad 2025-2026 - Statistics

General Stats
  • This quiz has been taken 146 times
    56 since last reset
  • The average score is 21 of 32
Answer Stats
# Position Nation Player % Correct
7 FW Spain Borja Iglesias
97%
13 GK Romania Ionuț Radu
97%
3 DF Spain Óscar Mingueza
95%
19 FW Sweden Williot Swedberg
95%
2 DF Sweden Carl Starfelt
92%
6 MF Guinea Ilaix Moriba
92%
10 FW Spain Iago Aspas
89%
4 DF Ghana Joseph Aidoo
87%
8 MF Spain Fer López
84%
20 DF Spain Marcos Alonso
82%
- Coach Spain Claudio Giráldez
76%
15 MF Uruguay Matías Vecino
74%
24 DF Spain Carlos Domínguez
71%
1 GK Spain Iván Villar
68%
21 DF Serbia Mihailo Ristić
68%
15 FW Spain Bryan Zaragoza
66%
8 MF Spain Fran Beltrán
66%
32 DF Spain Javi Rodríguez
66%
39 FW Morocco Jones El-Abdellaoui
63%
11 FW Argentina Franco Cervi
58%
16 MF Spain Miguel Román
58%
9 FW Spain Ferran Jutglà
55%
23 FW Spain Hugo Álvarez
50%
22 MF Spain Hugo Sotelo
50%
18 FW Spain Pablo Durán
50%
5 DF Spain Sergio Carreira
50%
14 MF Spain Damián Rodríguez
47%
14 DF Spain Álvaro Núñez
45%
12 DF Spain Manu Fernández
45%
17 DF Spain Javi Rueda
42%
29 DF Spain Yoel Lago
39%
25 GK Spain Marc Vidal
26%
No matching quizzes found
Score Distribution
Percent of People with Each Score
Percentile by Number Answered
Your Score History
You have not taken this quiz since the last reset